English commercial practice and correspondence (Record no. 28069)

MARC details
000 -LEADER
fixed length control field 00315nam a2200121Ia 4500
082 ## - DEWEY DECIMAL CLASSIFICATION NUMBER
Classification number 339.1
Item number ECK
100 ## - MAIN ENTRY--AUTHOR NAME
Personal name ECKERSLEY, C E
245 #0 - TITLE STATEMENT
Title English commercial practice and correspondence
260 ## - PUBLICATION, DISTRIBUTION, ETC. (IMPRINT)
Place of publication London
Name of publisher Longman
Year of publication 1974
700 ## - ADDED ENTRY--PERSONAL NAME
Personal name KAUFMANN, W
942 ## - ADDED ENTRY ELEMENTS (KOHA)
Koha item type Books
Holdings
Withdrawn status Lost status Damaged status Not for loan Home library Current library Date acquired Full call number Accession Number Koha item type
        RRII Library RRII Library 16/12/2021 339.1 ECK 08678 Books